000 02439cam a22004934i 4500
003 PE-LiUPU
005 20250731172807.0
008 150617s1978 sp r 000 0 spa d
020 _a8422008807
035 _a(Sirsi) i9788422008804
040 _aPE-LiUPU
_bspa
_cPE-LiUPU
_erda
049 _aPRUA
082 0 4 _a230
_bR1
_221
100 1 _aRahner, Karl,
_eautor.
245 1 3 _aLa Infalibilidad de la Iglesia :
_brespuesta a Hans Kúng /
_cobra dirigida por Karl Rahner ; [traducción del alemán por Gumersindo Bravo].
264 1 _aMadrid :
_bEditorial Católica,
_c1978.
300 _a342 páginas ;
_c20 centímetros
336 _atext
_2rdacontent
337 _aunmediated
_2rdamedia
338 _avolume
_2rdacarrier
490 0 _aBiblioteca de Autores Cristianos ;
_v401
505 0 _aEl concepto de infalibilidad en la teología católica, por Karl rahner -- Crítica a Hans Küng, por Karl rahner -- Réplica a Hans Küng, por Karl Rahner. consideraciones sobre los criterios hermenéuticos de Hans Küng, por Luigi Sartori -- Contradicciones en el libro de Hans Küng, por joseph Ratzinger -- Hans Küng y la historia de la Iglesia, por Walter Brandmüller -- La verdad en las proposiciones de fe, por Rudolf Schnakenburg -- La verdad de las proposiciones de fe, por Rudolf Schnakenburg -- La verdad de las proposiciones y el "permanecer en la verdad", por Leo Scheffczyk -- infalibilidad e indefectibilidad, por Yves Congar -- ¿proposiciones infalibles :a priori"?, por Otto Semmelroth -- La palabra ambigua, por Heinrich Fries -- El "test" de la infalibilidad, por Yves.
526 _aSEG42
526 _aSEG41
526 _aSEG40
526 _aSEG39
526 _aP94
526 _aP87
526 _aP86
526 _aP85
526 _aP77
526 _aP76
526 _aP35
600 1 _aKüng, Hans.
_d1928-
_xCrítica e interpretación
650 0 4 _aIglesia
_xInfalibilidad.
700 1 _aBravo, Gumersindo.
910 _ajck
_bjvq
_cjck
_d20150616
942 _2ddc
_cBOOK
949 _a230 R1
_wDEWEY
_c1
_i18266
_lCCODEBUL1
_mBUL
_r0
_sY
_tBOOK
_u2015-6-17
_xTEOLOGIA
_PP35
_0COMPRA
_o.STAFF. Colección Teología
994 _aC0
_bPEPRU
596 _a1
999 _a230 R1
_wDEWEY
_c3802
_i18266
_e2017-5-2
_f2021-11-9
_g5
_lCCODEBUL1
_mBUL
_n1
_p22.00
_r0
_sY
_tBOOK
_u2015-6-17
_xTEOLOGIA
_PP35
_0COMPRA
_o.STAFF. Colección Teología
_d3802
980 _81
_gALBERTO SANCHEZ Responsable de Automatización